Sanat - "Mä putoan" - Yölintu - Statistics

Yleistilastot
  • Tätä visaa on pelattu 100 kertaa
  • Keskiarvotulos 66 / 107
Vastaustilastot
Vastaus % Oikein
100%
100%
putoan
98%
uniin
95%
hetkiin
90%
kauneimpiin
89%
menneisiin
80%
kanssas
79%
katoan
74%
kun
74%
öisiin
72%
olla
72%
taas
69%
maisemiin
67%
saa
67%
sain
66%
eilisiin
64%
en
61%
päiviin
59%
Kuu
57%
kuu
57%
valaisee
57%
vain
56%
sua
54%
unta
54%
aattelen
52%
52%
pimeyteen
51%
unelmiin
49%
kadotin
48%
muistot
48%
yhteisiin
48%
huoneeseen
46%
kipeää
46%
lohduttaa
46%
luo
46%
sinut
46%
vajosin
46%
varjot
46%
yöhön
46%
ikävää
44%
kaipaavaa
44%
miestä
44%
kannan
43%
sisälläin
41%
piirtyy
39%
pimeään
39%
tummentuu
39%
ääriviivas
38%
sammuu
36%
mielessäni
33%
nään
33%
kuin
28%
sylissäin
28%
hyväillen
25%
oisit
25%
hymyillen
23%
öisin
11%
Ehtoja vastaavia visoja ei löytynyt
Tulosjakauma
Jokaisen tuloksen saaneiden osuus
Persentiili vastausten määrän mukaan
Tuloshistoriasi
Et ole pelannut tätä visaa